[Event "DEN-ch G5-2"]
[Site "Svendborg"]
[Date "2018.03.31"]
[Round "3"]
[White "Moller, Birger Poul"]
[Black "Pontoppidan, Erik"]
[Result "1-0"]
[WhiteElo "1853"]
[BlackElo "1750"]
[PlyCount "71"]
[EventDate "2018.03.29"]
[EventType "swiss"]
[EventRounds "5"]
[EventCountry "DEN"]
[SourceTitle "EXT 2019"]
[Source "ChessBase"]
[SourceDate "2018.10.10"]
[SourceVersion "1"]
[SourceVersionDate "2018.10.10"]
[SourceQuality "1"]

1. e4 e5 2. Nf3 Nc6 3. Nc3 Nf6 4. Bb5 d6 5. d4 exd4 6. Qxd4 Bd7 7. Bxc6 Bxc6 8. Bg5 Be7 9. 0-0-0 0-0 10. Kb1 Nd7 11. h4 h6 12. Bxe7 Qxe7 13. Nd5 Bxd5 14. exd5 Qf6 15. Qd2 Ne5 16. Nxe5 Qxe5 17. g4 Rfe8 18. Rde1 Qf6 19. g5 Rxe1+ 20. Rxe1 hxg5 21. hxg5 Qf3 22. b3 Kf8 23. Qd4 Re8 24. Rxe8+ Kxe8 25. Qxa7 Qxd5 26. Qe3+ Kd7 27. f4 Qe6 28. Qd4 g6 29. Qa4+ c6 30. Qa8 Kc7 31. Qf8 Qd7 32. a4 c5 33. Kb2 Kc6 34. Qh8 Kd5 35. Qh1+ Ke6 36. Qe4# 1-0

[Event "DEN-ch G5-2"]
[Site "Svendborg"]
[Date "2018.03.29"]
[Round "1"]
[White "Olsen, Birger1"]
[Black "Pontoppidan, Erik"]
[Result "1/2-1/2"]
[WhiteElo "1898"]
[BlackElo "1750"]
[PlyCount "44"]
[EventDate "2018.03.29"]
[EventType "swiss"]
[EventRounds "5"]
[EventCountry "DEN"]
[SourceTitle "EXT 2019"]
[Source "ChessBase"]
[SourceDate "2018.10.10"]
[SourceVersion "1"]
[SourceVersionDate "2018.10.10"]
[SourceQuality "1"]

1. Nf3 g6 2. d3 d5 3. g3 c5 4. Bg2 Bg7 5. 0-0 Nc6 6. Nbd2 Nf6 7. e4 dxe4 8. dxe4 0-0 9. c3 Qc7 10. Qe1 e5 11. a4 b6 12. Qe2 Bb7 13. Nb3 Rad8 14. Bg5 h6 15. Bxf6 Bxf6 16. a5 bxa5 17. Nxc5 Bc8 18. Qb5 Qb6 19. Qc4 Be7 20. Na4 Qb7 21. Nc5 Qb6 22. Na4 Qb7 1/2-1/2

[Event "DEN-ch G5-B"]
[Site "Skorping"]
[Date "2014.04.18"]
[Round "2"]
[White "Pontoppidan, Erik"]
[Black "Jensen, Jan Kargaard"]
[Result "1-0"]
[WhiteElo "1668"]
[BlackElo "1559"]
[PlyCount "53"]
[EventDate "2014.04.17"]
[EventType "swiss"]
[EventRounds "5"]
[EventCountry "DEN"]
[SourceTitle "EXT 2023"]
[Source "ChessBase"]
[SourceDate "2022.10.05"]
[SourceVersion "1"]
[SourceVersionDate "2022.10.05"]
[SourceQuality "1"]

1. d4 d5 2. c4 e6 3. Nc3 Nf6 4. Bg5 Nbd7 5. e3 c6 6. Nf3 Qa5 7. Nd2 Bb4 8. Qc2 0-0 9. Bh4 Re8 10. Be2 a6 11. 0-0 Be7 12. f4 c5 13. a3 Ng4 14. Bf2 Nxf2 15. Rxf2 cxd4 16. exd4 Bf6 17. Nf3 g6 18. b4 Qc7 19. cxd5 exd5 20. Qd2 Qd6 21. Ne5 Nf8 22. Bf3 Be6 23. Re1 Rac8 24. Na4 Nd7 25. Nc5 Bxe5 26. fxe5 Nxc5 27. exd6 1-0